000 00916nam a2200313Ia 4500
008 180313s9999 xx 000 0 und d
020 _a9789810949853
050 _bER W361 2014
100 _aWeakland, Mark
245 _aWacky comparisons :
245 _bwacky ways to compare size /
245 _cby Mark Weakland, Jessica Gunderson ; illustrated by Keino Bolton, Bill Bolton & Igor Sinkovec.
260 _aNew York, New York :
260 _bScholastic Inc.,
260 _c2014
300 _a32 pages :
300 _bcolored illustrations ;
300 _c27cm.
650 _aMeasurement --
650 _aSize perception --
650 _aWeight (Physics) --
650 _xJuvenile fiction.
650 _xJuvenile fiction.
650 _xMeasurement -- Juvenile literature.
700 _aBolton, Bill.
700 _aBolton, Keino.
700 _aGunderson, Jessica.
700 _aTitle.
999 _c356265
_d356265